|
|
|
|
| LEADER |
00000cam a2200000 i 4500 |
| 001 |
1/75446 |
| 008 |
080221s2004 gr | ||| |||| ||gre|| |
| 020 |
|
|
|a 9604319388
|
| 035 |
|
|
|l 10094919
|
| 040 |
|
|
|a GR-MY-UA
|b gre
|e aacr
|
| 041 |
0 |
|
|a gre
|
| 082 |
7 |
|
|a 338.1
|2 (22)
|
| 100 |
1 |
|
|a Σέμος, Αναστάσιος Β.
|
| 245 |
1 |
0 |
|a Ευρωπαϊκή Ένωση και κοινή αγροτική πολιτική /
|c Αναστάσιος Β. Σέμος.
|
| 260 |
|
|
|a Θεσσαλονίκη :
|b Ζήτης,
|c 2004.
|
| 300 |
|
|
|a xii, 249 σ. :
|b πίν. ;
|c 24 εκ.
|
| 504 |
|
|
|a Βιβλιογραφία: σ. 243-249.
|
| 650 |
0 |
0 |
|a Agriculture
|x Economic aspects
|z European Union countries.
|
| 650 |
0 |
0 |
|a Agriculture and state
|x Environmental aspects
|z European Union countries.
|
| 852 |
|
|
|a INST
|b LESVOS
|e 20080221
|h 338.1 ΣΕΜ
|p 005100038792
|q 005100038792
|t BK
|y 114
|
| 901 |
|
|
|a BIBL1-2008-1
|
| 909 |
|
|
|a Λ
|b 142029
|
| 922 |
|
|
|a 1ΕΛΗ
|b 200711
|c ΕΠΕΑΕΚ2/ΤΠ
|d Σ. ΠΑΤΑΚΗΣ
|
| 970 |
|
|
|a ΓΙΑΛΑΜΑ
|b ΜΑΡΙΑ
|z 2008/02/21
|